000 00680namaa22001811 4500
001 174263
003 ES-MaACL
005 20230906215457.0
008 100318s1928 sp r |||| | spa d
080 _a378.62(460.27 M.)(091)
100 1 _aAbad, Camilo María,
_d1878-1969
_9226437
245 1 3 _aEl Seminario pontificio de Comillas
_b: historia de su fundación y primeros años (1881-1925) /
_cpor Camilo Maria Abad.
260 _aMadrid :
_b[s.n.],
_c1928 (
_fTip. Católica de Alberto Fontana)
300 _a362 p., [6] h. de lám. :
_bil. ;
_c24 cm.
610 2 4 _aSeminario Pontificio de Comillas.
_9142372
852 _aES-MaACL
_jG-8127
999 _c174263
_d174263